[Event "4Springare Autumn-IM 2019"]
[Site "Stockholm"]
[Date "2019.10.21"]
[Round "2.4"]
[White "Poley, Vladimir"]
[Black "Mirzoev, Emil"]
[Result "1/2-1/2"]
[WhiteElo "2298"]
[BlackElo "2455"]
[Annotator "TA"]
[PlyCount "62"]
[EventDate "2019.10.19"]
[EventType "tourn"]
[EventRounds "9"]
[EventCountry "SWE"]
[SourceTitle "playchess.com"]
[Source "ChessBase"]
[SourceQuality "1"]

{[%evp 13,62,14,23,21,18,15,25,4,18,8,4,5,8,0,0,0,3,0,12,10,5,9,12,0,12,0,0,0,7,0,0,0,0,-1,0,-6,-1,-5,-5,-7,-4,-12,0,0,0,-13,0,0,0,0,0]} 1. d4 Nf6 2. Nf3 g6 3. c4 Bg7 4. g3 O-O 5. Bg2 c6 6. O-O d5 7. Nbd2 b6 8. b3 {D78: Fianchetto Grünfeld: 6 0-0 c6} Bb7 9. Bb2 e6 10. e3 {White has an edge.} (10. Qc2 Nbd7 11. e4 dxe4 12. Nxe4 Qc7 13. Nxf6+ Nxf6 14. Ne5 Rad8 {1-0 (58) Kramnik,V (2812)-Caruana,F (2804) Paris 2016}) 10... Nbd7 {The position is equal.} 11. cxd5 cxd5 12. Qe2 $146 ({Predecessor:} 12. Rc1 Rc8 13. Rxc8 Qxc8 14. Qb1 Qb8 15. Rc1 Rc8 16. Kf1 Ba6+ {½-½ (60) Blome,T-Reiske,A Ueberlingen 2000}) 12... Rc8 13. Rac1 Qe7 14. Nb1 {next Ba3 is good for White.} Rxc1 15. Rxc1 {Black should prevent Ba3.} Rc8 16. Rxc8+ Bxc8 17. Ba3 Qd8 18. Nc3 Bf8 19. Qb2 Ba6 20. Bxf8 Qxf8 21. b4 Bc4 22. b5 a6 23. a4 axb5 24. axb5 Qa8 25. Nd2 Bd3 26. Bf1 Bxf1 27. Kxf1 Qa5 28. Ke2 Ne8 29. Ndb1 Nd6 30. Qa3 Qxa3 31. Nxa3 g5 {Accuracy: White = 45%, Black = 63%.} 1/2-1/2

[Event "4Springare Autumn-IM 2019"]
[Site "Stockholm"]
[Date "2019.10.21"]
[Round "2.5"]
[White "Papunidi, Matvey"]
[Black "Mattsson, Michael"]
[Result "1/2-1/2"]
[WhiteElo "2083"]
[BlackElo "2035"]
[Annotator "NA RC"]
[PlyCount "140"]
[EventDate "2019.10.19"]
[EventType "tourn"]
[EventRounds "9"]
[EventCountry "SWE"]
[SourceTitle "playchess.com"]
[Source "ChessBase"]
[SourceQuality "1"]
[TimeControl "5400+30"]

1. e4 e5 2. Nf3 Nc6 3. Bb5 a6 4. Ba4 Nf6 5. O-O b5 6. Bb3 Be7 7. d3 O-O 8. Nc3 d6 9. a3 Bg4 10. Be3 Nd4 11. Bxd4 exd4 12. Nd5 c5 13. Nf4 Nd7 14. Bd5 Rb8 15. h3 Bxf3 16. Qxf3 Ne5 17. Qe2 g6 18. g4 Nd7 19. Ba2 Nb6 20. Nd5 Na4 21. Rab1 Bf6 22. f4 Bg7 23. f5 Be5 24. f6 Nb6 25. Ne7+ Kh8 26. Nc6 Qc7 27. Nxb8 Rxb8 28. g5 c4 29. Kg2 d5 30. Rfe1 Bg3 31. exd5 Bxe1 32. Rxe1 h6 33. Qe5 Qxe5 34. Rxe5 hxg5 35. Rxg5 Re8 36. Kf2 Re3 37. Rg3 Re5 38. Rg4 Rxd5 39. Ke2 Rd6 40. Kd2 Kg8 41. h4 Kf8 42. dxc4 bxc4 43. c3 dxc3+ 44. Kxc3 Rxf6 45. Bxc4 Rc6 46. b3 Ke7 47. Kd4 f5 48. Rf4 Nxc4 49. bxc4 Ke6 50. Rf1 Rd6+ 51. Kc3 Ke5 52. c5 Rc6 53. Kc4 f4 54. Re1+ Kf5 55. Kd5 Rc8 56. Re5+ Kg4 57. Rg5+ Kxh4 58. Rxg6 a5 59. c6 f3 60. Rf6 Kg3 61. Kd6 f2 62. c7 Kg2 63. Kd7 Rh8 64. c8=Q Rxc8 65. Kxc8 f1=Q 66. Rxf1 Kxf1 67. Kc7 a4 68. Kb6 Ke2 69. Ka5 Kd3 70. Kxa4 Kc4 1/2-1/2

[Event "4Springare Autumn-IM 2019"]
[Site "Stockholm"]
[Date "2019.10.21"]
[Round "3.1"]
[White "Mattsson, Michael"]
[Black "Vainerchuk, Barys"]
[Result "0-1"]
[WhiteElo "2035"]
[BlackElo "2136"]
[Annotator "TA"]
[PlyCount "92"]
[EventDate "2019.10.19"]
[EventType "tourn"]
[EventRounds "9"]
[EventCountry "SWE"]
[SourceTitle "playchess.com"]
[Source "ChessBase"]
[SourceQuality "1"]

{[%evp 9,116,17,20,29,79,62,81,83,83,79,85,80,81,78,74,83,94,93,91,89,106,86,87,96,87,95,81,72,77,6,6,6,6,6,6,6,6,0,0,0,6,6,6,6,6,6,21,0,0,0,0,0,0,0,112,51,43,38,37,27,48,62,60,0,30,0,0,-276,-275,-273,-235,-214,-202,-230,-110,-134,-3,-3,-3,-3,-3,-3,-3,-3,-3,-90,-3,-3,-3,-3,-3,-3,-3,-3,-3,-1068,-1026,-1014,-780,-1455,-1299,-29973,-29971,-29973,-29975,-29959,-12845,-6079,-5600]} 1. e4 c5 2. Nf3 e6 3. b3 Nc6 4. Bb2 d6 5. Bb5 Nf6 (5... e5 6. O-O Be7 7. c3 f5 8. exf5 e4 9. Ne1 Nf6 10. d3 Bxf5 11. Nd2 exd3 12. Bxd3 Bg4 13. Nef3 {1-0 (30) Tomashevsky,E (2728)-Movsesian,S (2653) Huaian 2016}) 6. e5 {B50: Sicilian: 2...d6, Miscellaneous} dxe5 7. Nxe5 ({But not} 7. Bxe5 $6 Bd7 $11) 7... Bd7 $146 ({Predecessor:} 7... Qc7 8. Qf3 Bd7 9. Nxd7 Nxd7 10. Bxc6 Qxc6 11. Qxc6 bxc6 {½-½ (11) Pinal,N (2315)-Charpentier,W (2330) San Jose 1994}) 8. Bxc6 {White is better.} Bxc6 9. Nxc6 bxc6 10. d3 Be7 11. Qf3 O-O 12. O-O Qd5 13. Nd2 Nd7 14. Rfe1 Rfe8 15. Qg3 {[%csl Gb2][%cal Rg3g7]} (15. Re4 {keeps more tension.} f5 16. Qg3 e5 17. Re2 Bf6 18. Rae1) 15... Bf6 16. Bxf6 Nxf6 17. Ne4 {aiming for Nxf6+.} Nd7 18. Qd6 (18. Re2 {is more complex.} Qd4 19. Rd1 Red8 20. Qc7 Rdc8 21. Qd6) 18... e5 19. c4 (19. Qc7 $16) 19... Qxd6 $11 20. Nxd6 Re6 21. Ne4 f5 22. Nc3 Kf7 23. Na4 Rd6 24. Rad1 Kf6 25. f3 Re8 26. Kf2 Rd4 27. Ke3 Re6 28. Rd2 Ke7 29. g3 g5 30. Red1 Kf6 31. Nc3 Nb6 {[#]} (31... h5 $11) 32. Ne2 (32. g4 $1 $16 {[%mdl 512]}) 32... Rd8 $14 33. g4 f4+ 34. Kf2 Nc8 35. Nc3 Nd6 $1 36. Kg2 (36. Rh1 $14) 36... Kg6 37. h4 gxh4 38. Ne4 $2 {[%mdl 8192]} (38. Na4 $11 {and White is okay.}) 38... Nxe4 $19 39. dxe4 Rd4 40. Rxd4 cxd4 {[%mdl 4096] Endgame KR-KR} 41. b4 Re7 (41... h5 $19 {is more deadly. And now ...hxg4 would win.} 42. Kh3 Kg5 43. gxh5 Kxh5) 42. a4 $17 a6 (42... h5 $17 {...hxg4 is the strong threat.} 43. Kh3 hxg4+ 44. Kxg4 Rh7) 43. b5 $11 axb5 44. axb5 cxb5 45. cxb5 Rb7 46. Rb1 d3 {Played: Rb7-b6} 0-1

[Event "4Springare Autumn-IM 2019"]
[Site "Stockholm"]
[Date "2019.10.21"]
[Round "3.2"]
[White "Mirzoev, Emil"]
[Black "Papunidi, Matvey"]
[Result "1-0"]
[WhiteElo "2455"]
[BlackElo "2083"]
[Annotator "TA"]
[PlyCount "51"]
[EventDate "2019.10.19"]
[EventType "tourn"]
[EventRounds "9"]
[EventCountry "SWE"]
[SourceTitle "playchess.com"]
[Source "ChessBase"]
[SourceQuality "1"]

{[%evp 9,59,17,29,27,30,19,23,21,29,23,31,21,14,17,21,10,12,5,0,0,1,0,35,30,78,76,128,14,60,60,89,95,110,130,141,149,207,216,204,200,229,209,193,0,158,145,137,144,398,44,400,393]} 1. b3 e5 2. Bb2 Nc6 3. c4 Nf6 4. e3 Bc5 (4... d5 5. cxd5 Nxd5 6. Nc3 Nxc3 7. Bxc3 Bd6 8. Bb5 O-O 9. Ne2 Ne7 10. Ng3 c6 11. Bc4 Nd5 12. Bb2 Qe7 13. O-O Nb6 {1-0 (65) Karjakin,S (2782)-So,W (2778) Leuven 2018}) 5. a3 a5 6. Nf3 {A01: Nimzowitsch-Larsen Opening} d6 7. d4 exd4 8. exd4 {White has an edge.} Bb6 $146 ({Predecessor:} 8... Qe7+ 9. Be2 Bb6 10. O-O Bg4 11. Re1 O-O 12. Nbd2 {½-½ (32) Martin Andres,C (1559)-Juez Gastanaga,A (1718) Madrid 2017}) 9. h3 O-O 10. Be2 Re8 11. O-O Bf5 12. Nc3 Ne7 13. Re1 Ng6 14. Qd2 c6 15. Bf1 Qd7 16. d5 Rxe1 17. Rxe1 Re8 ({Black should play} 17... Ba7) 18. Rd1 (18. Rxe8+ $16 Qxe8 19. dxc6) 18... Rd8 19. Nd4 Bxd4 20. Qxd4 Bc2 21. dxc6 bxc6 {[#]} 22. Rd2 $1 {[%cal Rd2c2]} c5 (22... Bf5 $16) 23. Qe3 $18 Bf5 24. Nb5 Ne4 25. Rd1 {Strongly threatening f3.} Re8 {[%cal Bd8e8,Be8e3,Be3b3][%mdl 32]} 26. Bc3 {Played: Nb5xd6} 1-0

[Event "4Springare Autumn-IM 2019"]
[Site "Stockholm"]
[Date "2019.10.21"]
[Round "3.3"]
[White "Peng, Li Min"]
[Black "Poley, Vladimir"]
[Result "1/2-1/2"]
[WhiteElo "2454"]
[BlackElo "2298"]
[Annotator "TA"]
[PlyCount "72"]
[EventDate "2019.10.19"]
[EventType "tourn"]
[EventRounds "9"]
[EventCountry "SWE"]
[SourceTitle "playchess.com"]
[Source "ChessBase"]
[SourceQuality "1"]

{[%evp 27,72,43,50,48,43,36,32,27,28,0,21,31,31,15,16,0,2,4,9,13,8,0,8,0,0,0,0,4,5,0,0,0,0,0,0,0,0,0,0,0,0,0,0,0,0,0,0]} 1. e4 e6 2. d4 d5 3. Nd2 c5 4. exd5 exd5 5. Ngf3 Nc6 6. Bb5 Bd6 7. dxc5 Bxc5 8. O-O Nge7 9. Nb3 Bd6 10. Re1 O-O 11. Bd3 h6 12. h3 Nf5 13. c3 Qf6 14. Bc2 Rd8 15. Qd3 {C09: French Tarrasch: 3...c5 4 exd5 exd5 5 Ngf3 Nc6} g6 16. Qd2 ({Not} 16. Qxd5 $2 {[#]} Bh2+ $1 {[%mdl 512]} 17. Nxh2 Rxd5 $19) (16. Bd2 Bc7 17. c4 Ne5 18. Nxe5 Bxe5 19. cxd5 Bxb2 20. Rab1 Be6 21. Rxb2 Qxb2 22. Bc3 Qa3 {½-½ (39) Zvjaginsev,V (2658)-Timofeev,A (2553) Sochi 2015}) 16... Bf8 17. Qf4 {White is slightly better.} Bd6 18. Qd2 Bf8 19. Qe2 Nd6 20. Qd1 Nc4 {The position is equal.} 21. Nbd4 Bd7 22. b3 Nxd4 23. Nxd4 Nd6 $146 24. Bb2 Bg7 25. Rb1 Ne4 26. Bxe4 dxe4 27. Qc1 Qe7 28. f3 Qd6 29. fxe4 Bxh3 30. gxh3 Qg3+ {[%mdl 64] [#] Double Attack} 31. Kf1 {Black must now prevent Qe3.} Rxd4 32. cxd4 Qf3+ 33. Kg1 Qg3+ 34. Kf1 Qf3+ 35. Kg1 Qg3+ 36. Kf1 Qf3+ {Accuracy: White = 65%, Black = 98%.} 1/2-1/2

[Event "4Springare Autumn-IM 2019"]
[Site "Stockholm"]
[Date "2019.10.21"]
[Round "3.4"]
[White "Krzywda, Andrzej"]
[Black "Roshka, Yevgeniy"]
[Result "0-1"]
[WhiteElo "2175"]
[BlackElo "2369"]
[Annotator "TA"]
[PlyCount "70"]
[EventDate "2019.10.19"]
[EventType "tourn"]
[EventRounds "9"]
[EventCountry "SWE"]
[SourceTitle "playchess.com"]
[Source "ChessBase"]
[SourceQuality "1"]

{[%evp 16,72,56,44,47,0,49,40,81,76,86,76,143,149,141,148,145,154,139,75,76,79,150,46,57,74,183,180,202,206,237,246,234,229,309,291,329,177,230,209,364,366,329,264,433,0,0,0,40,-1650,-1386,-1305,-1101,-29990,-29991,-29995,-29996,-29996,-903]} 1. d4 Nf6 2. c4 c5 3. d5 g6 4. Nc3 Bg7 5. g3 O-O 6. Bg2 d6 7. Nf3 Na6 8. O-O Nc7 9. Re1 Rb8 {E64: King's Indian: Fianchetto: 6...c5 7 d5} (9... a6 10. a4 Rb8 11. a5 e6 12. e4 exd5 13. exd5 Bg4 14. h3 Bxf3 15. Qxf3 Nd7 16. Qd3 b5 17. axb6 Rxb6 {1-0 (40) Kovalenko,I (2656)-Kislinsky,A (2489) Lutsk 2015}) 10. e4 e5 $146 ({Predecessor:} 10... b5 11. e5 Ng4 12. exd6 exd6 13. Bg5 f6 14. Bf4 bxc4 15. Nd2 g5 16. Be3 f5 17. h3 Nxe3 18. fxe3 Rxb2 {0-1 (28) Novak,I (2202)-Pikula,D (2470) Mali Losinj 2018}) 11. dxe6 Bxe6 {White is slightly better.} 12. Bf4 Nfe8 13. e5 d5 ({Black should play} 13... dxe5 14. Bxe5 (14. Nxe5 g5 $16) 14... Bxe5 15. Nxe5 (15. Rxe5 Nd6 $14) 15... Qxd1 16. Rexd1 (16. Raxd1 Nf6 $16) 16... Nf6) 14. cxd5 Nxd5 15. Nxd5 Bxd5 16. e6 Bxe6 17. Bxb8 (17. Ng5 $142 $1) 17... Qxb8 $16 18. Ng5 Bf5 (18... Nc7 $142) 19. Qb3 (19. Nxf7 $1 $16 {Threatens to win with Bd5.} Rxf7 20. Bd5) 19... Nd6 $14 20. Rad1 $36 {[%mdl 2048] White is in control.} b5 (20... Bf6 $16 {was necessary.}) 21. Qd5 $18 h6 22. Qxc5 (22. Qxd6 $6 Qxd6 23. Rxd6 hxg5 $16) 22... hxg5 23. Rxd6 (23. Qxd6 $6 Qxd6 24. Rxd6 Bxb2 $16) 23... Bxb2 24. h3 Rc8 25. Qd5 Qc7 26. Rd1 (26. g4 $142 Ba3 27. Ra6 (27. gxf5 Qxd6 28. fxg6 Qxg6 $11)) 26... Qc4 (26... Ba3 $142) 27. g4 $1 {[%cal Rg4f5]} Bc2 $2 (27... Be6 28. Qxg5 Kg7) 28. Qxg5 {Rd8+ would kill now.} Kg7 (28... Bxd1 $2 29. Bd5 $1 $18 {[%mdl 512]}) 29. R1d2 {Black must now prevent Bd5.} Re8 $2 {[#]} (29... Qxa2 30. Qxb5 Qb1+ 31. Bf1 Bc3) 30. R2d5 $2 (30. Rc6 $1 $18 {[%cal Rc6c4]} Re1+ 31. Kh2) 30... Re1+ $11 31. Kh2 Qe2 32. Rd7 $2 {[%mdl 8192]} ({Avoid the trap} 32. Rxb5 $2 Qxf2 33. Rxb2 (33. Rd2 $2 Qg1+ 34. Kg3 Re3+ 35. Qxe3 Qxe3+ $19) 33... Qg1+ 34. Kg3 Re3+ 35. Qxe3 Qxe3+ 36. Bf3 Qg1+ 37. Bg2 Qe1+ 38. Kf3 Qc3+ {[%mdl 64] Double Attack} 39. Kf2 Qxb2 $19) (32. Kg3 $14) 32... Qxf2 $19 {( -> ...Bf6)} 33. Rxf7+ Qxf7 ({Weaker is} 33... Kxf7 34. Rd7+ Kf8 35. Rd8+ Kg7 36. Rd7+ Kf8 37. Rd8+ Kg7 38. Rd7+ Kf8 $11) 34. h4 Bc1 {Black mates.} 35. Qd8 Qf4+ 0-1

[Event "4Springare Autumn-IM 2019"]
[Site "Stockholm"]
[Date "2019.10.21"]
[Round "3.5"]
[White "Kononenko, Dmitry"]
[Black "Bogdanov, Egor"]
[Result "1-0"]
[WhiteElo "2613"]
[BlackElo "2409"]
[Annotator "TA"]
[PlyCount "103"]
[EventDate "2019.10.19"]
[EventType "tourn"]
[EventRounds "9"]
[EventCountry "SWE"]
[SourceTitle "playchess.com"]
[Source "ChessBase"]
[SourceQuality "1"]

{[%evp 17,103,25,30,29,45,58,50,55,58,52,69,59,82,73,78,79,77,62,84,87,72,74,97,94,97,103,158,131,176,166,177,175,278,150,182,160,370,360,347,347,469,453,463,451,777,772,770,769,768,764,722,690,714,724,706,702,705,668,785,767,5273,4122,12851,29938,12847,12846,5512,1806,5302,5050,6882,6195,29953,12043,6631,5577,29979,29980,29979,29981,29981,29982,29982,29983,29983,29984,29983,29984]} 1. d4 Nf6 2. c4 g6 3. Nc3 ({Predecessor:} 3. Nf3 Bg7 4. g3 O-O 5. Bg2 d6 6. O-O Nc6 {0-1 (96) Peng,L (2465)-Bogdanov,E (2422) Heraklion 2019}) 3... Bg7 4. g3 O-O 5. Bg2 d6 6. Nf3 Nc6 7. O-O Bf5 8. d5 Na5 9. Nd2 c6 10. b4 {[%cal Bb2b4,Bb4a5,Ba5a6][%mdl 32] Bb2 is the strong threat. E62: King's Indian: Fianchetto: 6...c6 and Panno Variation (6...Nc6) without ...a6} Nxd5 $146 (10... Nxc4 11. Nxc4 Nxd5 12. Nxd5 Bxa1 13. Bh6 Bg7 14. Bxg7 Kxg7 15. Nde3 Be6 16. Qd2 d5 17. Na5 Bc8 {1-0 (57) Donchenko,A (2604)-Fressinet,L (2655) chess.com INT 2019}) 11. cxd5 {Strongly threatening Bb2.} Bxc3 12. e4 {White is slightly better.} Bxe4 13. Nxe4 Bxa1 14. bxa5 Bg7 15. a6 {[%mdl 1024] White has strong compensation.} c5 16. axb7 Rb8 17. Nd2 (17. Qb3 Qd7 $11) 17... Qa5 18. Qe2 $36 {[%mdl 2048] White is really pushing.} (18. Qb3 Qa6 $11) 18... Rxb7 19. Nc4 Qc3 20. Be3 Rfb8 {[#]} 21. Be4 $1 f5 (21... Qb4 $142) 22. Bd3 Rb2 23. Bd2 {[%mdl 64] Discovered Attack} (23. Nxb2 $6 Rxb2 24. Qd1 Rxa2 $16) 23... Rxd2 24. Nxd2 Rb2 (24... Bf6 $142) 25. Qe6+ (25. Qxe7 $18 Qf6 26. Qxf6 Bxf6 27. Nc4 {[%mdl 64] Double Attack} Rxa2 28. Nxd6) 25... Kf8 $16 26. Nc4 (26. Re1 $6 Bf6 $14) 26... Qxd3 $2 {[#]} (26... Rb4 $16) 27. Re1 $1 $18 ({Worse is} 27. Nxb2 Bxb2 28. Qc8+ (28. Re1 Bf6 $11) 28... Kg7 $11) 27... Be5 28. Nxb2 ({Weaker is} 28. Nxe5 dxe5 29. Qxe5 Qd4 $11) 28... Qd2 29. Rxe5 dxe5 30. Qxe5 c4 (30... Kf7 $142 31. Kg2 Qc2) 31. Kg2 Qc2 32. Qh8+ Kf7 33. Qxh7+ Kf8 34. Qh8+ Kf7 {intending ...c3.} 35. Qd4 c3 36. Nd1 Qxa2 37. Nxc3 Qb2 38. Qc4 {And now d6+ would win.} Kf8 39. Na4 Qe5 40. Nc5 Kg7 41. Ne6+ Kf7 42. Qd4 Qxd4 43. Nxd4 {[%mdl 4096] Endgame KN-KP} a5 44. f4 a4 45. Nb5 Kf6 46. Kf3 e5 47. fxe5+ {White mates.} Kxe5 48. d6 Kf6 49. h4 Ke6 50. Kf4 Kf6 51. d7 Ke7 52. Kg5 {Accuracy: White = 85%, Black = 29%.} 1-0

[Event "4Springare Autumn-IM 2019"]
[Site "Stockholm"]
[Date "2019.10.22"]
[Round "4.1"]
[White "Vainerchuk, Barys"]
[Black "Bogdanov, Egor"]
[Result "0-1"]
[WhiteElo "2136"]
[BlackElo "2409"]
[Annotator "TA"]
[PlyCount "56"]
[EventDate "2019.10.19"]
[EventType "tourn"]
[EventRounds "9"]
[EventCountry "SWE"]
[SourceTitle "playchess.com"]
[Source "ChessBase"]
[SourceQuality "1"]

{[%evp 15,56,42,75,58,69,48,77,86,91,53,79,83,92,94,101,36,29,36,33,47,51,32,36,41,26,25,85,78,65,68,110,110,110,106,110,110,107,108,101,53,67,-892,-893]} 1. e4 g6 2. d4 Bg7 3. c3 d6 4. Bd3 Nf6 5. f4 O-O 6. Nf3 c5 7. dxc5 dxc5 8. e5 Nd5 9. Be4 {B07: Pirc Defence: Miscellaneous Systems} Nb6 10. Qe2 Qc7 (10... Nc6 11. Be3 Qc7 12. Na3 a6 13. h4 Bf5 14. Bxf5 gxf5 15. Rg1 Qc8 {0-1 (34) Timman,J (2649)-Kasimdzhanov,R (2595) Dordrecht 1999}) 11. O-O {White is better.} Be6 12. b3 $146 ({Predecessor:} 12. Na3 a6 13. Be3 Bd5 14. Bf2 Qc6 {1-0 (59) Pedersen,N (2300)-Volcansek,R Zagan 1995}) 12... c4 13. Nd4 Bd5 14. Bxd5 Nxd5 15. Qxc4 ({White should try} 15. bxc4 $16 Nb6 16. Nd2) 15... Qxc4 $14 16. bxc4 Nb6 17. Nd2 Rc8 18. Ba3 $36 {[%mdl 2048] White is pushing.} Nxc4 19. Nxc4 Rxc4 20. Bxe7 Rxc3 (20... Nc6 $11 21. Nxc6 Rxc6) 21. Rac1 $16 Rxc1 22. Rxc1 {Threatens to win with Rc8+.} Nc6 23. Nxc6 Rc8 {[%mdl 64] [#] Pin} 24. Kf2 bxc6 25. Ke3 Bf8 26. Bd6 f6 27. g4 fxe5 28. fxe5 $2 {[%mdl 8192] [#]} (28. Bxe5 $14 Bg7 29. Rb1) 28... Bh6+ {[%mdl 64] Skewer. Accuracy: White = 62%, Black = 60%.} 0-1

[Event "4Springare Autumn-IM 2019"]
[Site "Stockholm"]
[Date "2019.10.22"]
[Round "4.2"]
[White "Roshka, Yevgeniy"]
[Black "Kononenko, Dmitry"]
[Result "1/2-1/2"]
[WhiteElo "2369"]
[BlackElo "2613"]
[Annotator "TA"]
[PlyCount "228"]
[EventDate "2019.10.19"]
[EventType "tourn"]
[EventRounds "9"]
[EventCountry "SWE"]
[SourceTitle "playchess.com"]
[Source "ChessBase"]
[SourceQuality "1"]

{[%evp 19,228,16,21,22,25,22,34,14,25,32,73,63,72,53,92,56,100,99,106,105,111,101,100,96,137,105,118,114,98,103,113,91,89,75,75,75,87,82,93,75,75,75,75,0,0,-68,-72,-216,-200,-195,-175,-176,-181,-245,-239,-245,0,0,0,0,0,0,0,0,0,0,1,0,0,0,0,0,0,0,0,0,0,0,0,0,0,0,0,0,1,0,0,0,0,0,0,0,15,15,84,6,11,12,27,26,81,81,79,0,0,0,0,0,0,0,0,0,0,0,0,0,0,0,0,0,0,0,0,0,29,24,24,6,13,0,36,0,0,0,0,0,0,0,0,0,0,0,0,0,0,0,0,0,0,0,0,0,0,0,0,0,0,0,36,0,0,0,0,0,0,0,216,210,1198,1202,588,0,0,0,0,0,0,0,0,0,0,0,0,0,0,0,0,0,0,0,0,0,0,0,0,0,0,0,0,0,0,0,0,0,0,0,0,0,0,0,0]} 1. Nf3 Nf6 2. g3 c5 3. Bg2 Nc6 4. O-O d6 5. c4 g6 6. d4 cxd4 7. Nxd4 Bd7 8. b3 Bg7 9. Bb2 O-O 10. Nc3 a6 11. Qd2 {E60: King's Indian: Unusual lines and Fianchetto Variation without Nc3} (11. Nc2 Rb8 12. Nd5 Ne8 13. Bxg7 Nxg7 14. Qd2 b5 15. cxb5 axb5 16. Rfc1 Ne6 17. b4 Re8 18. Ne1 Ne5 19. Nf3 Nc4 {½-½ (27) Kuzubov,Y (2699)-Amonatov,F (2636) Riadh 2017}) 11... Rb8 12. Rfd1 Re8 13. Nc2 $146 {White is slightly better.} ({Predecessor:} 13. Rac1 Qa5 14. Nd5 Qd8 15. Nc3 Qa5 16. Nd5 Qxd2 17. Nxf6+ Bxf6 18. Rxd2 Nxd4 19. Bxd4 Bxd4 20. Rxd4 {0-1 (60) Pham,L (2362)-Li,S (2519) Qinhuangdao 2011}) 13... Qa5 14. Ne3 Qh5 15. Ncd5 Nxd5 16. Nxd5 Ne5 17. Nf4 Qh6 18. c5 Bc6 19. cxd6 exd6 20. h3 g5 21. Nd5 Bxd5 22. Qxd5 Nf3+ {[%mdl 64] Discovered Attack} 23. Bxf3 ({But not} 23. exf3 $6 Bxb2 24. Rab1 Qf6 $14) 23... Bxb2 24. Rab1 Be5 25. Bg4 Qg6 26. e4 h5 27. Bf5 Qf6 28. Rbc1 Re7 29. Rd3 Kg7 30. Kg2 h4 31. Rf3 (31. Rc2 $16) 31... Bxg3 $1 $11 32. Rg1 (32. Rc8 $11 Rxc8 33. Bxc8) 32... Bf4 33. Rxf4 (33. Qc4 $17) 33... gxf4 $19 34. Kh1+ Kf8 35. Qd2 Rbe8 36. Qc1 {[#]} (36. Rg4 {might work better.}) 36... d5 $1 37. Bh7 {[%csl Gh7][%cal Rg1g8] [#]} (37. exd5 Qxf5) 37... Qh8 $2 (37... Rd7 $1 $19 38. f3 b6) 38. Rg8+ $11 Qxg8 39. Bxg8 Kxg8 40. Qxf4 Rxe4 {[%mdl 4096] Endgame KQ-KRR} 41. Qg5+ Kf8 42. Qxd5 R8e7 43. a4 f6 44. Kh2 Kg7 45. Kg2 R4e5 46. Qd4 Re4 47. Qb6 Kg6 48. Qd8 R4e5 49. Qd3+ Kg7 50. Kf3 b5 51. a5 R7e6 52. Qd4 Rf5+ $1 53. Kg4 Rg5+ $1 54. Kf4 {Strongly threatening Qd7+.} Kf7 55. Qd3 Ree5 56. Qh7+ Ke6 (56... Rg7 $11 {remains equal.} 57. Qxh4 b4) 57. Qxh4 (57. Qb7 $16) 57... b4 58. Kf3 Rxa5 59. Qc4+ Rad5 (59... Ke7 $11 {keeps the balance.}) 60. Qxa6+ $16 Kf7 61. Qb7+ ({Better is} 61. Qc4 $16) 61... Kg6 $11 62. Qxb4 Rd3+ 63. Ke2 Rxh3 64. Qe4+ Kh6 {And now ...Re5 would win.} 65. Qa8 {Threatens to win with Qh8+.} (65. Qf4 {feels hotter.} Kg6 66. Qc4 Kh6 67. b4 Re5+ 68. Kf1) 65... Re5+ 66. Kf1 Rhh5 67. Qf8+ Kg6 68. b4 Rhf5 69. Qg8+ Kh5 70. Qh7+ Kg5 71. Qg7+ Kf4 72. Qg3+ Ke4 73. Qc3 Kf4 74. Qg3+ Ke4 75. Ke2 {Hoping for f4!} Kd4+ 76. Kd2 {[%csl Gd2][%cal Rg3d3]} Kc4 77. Qh4+ Kb3 78. f4 Rb5 79. Qh3+ Kxb4 80. Qc3+ Ka4 81. Qc4+ Ka5 82. Qc7+ Kb4 83. Ke3 Rfc5 84. Qd6 Kc4 85. Qe6+ Rd5 86. Qc6+ Rdc5 87. Qe6+ Rd5 88. Qxf6 Kc5 89. f5 Kb4 90. Qf8+ Kc4 91. Qf7 {Ke4 is the strong threat.} Kb4 92. f6 {aiming for Qg7.} Re5+ $2 (92... Kc3 $1 $11 {and Black is okay.}) 93. Kd4 $18 Rf5 $2 {[#]} (93... Rbc5 94. Qb7+ Rb5) 94. Qe7+ $1 Ka5 95. f7 $2 ({White should play} 95. Qc7+ $18 Ka4 96. f7) 95... Rb4+ $11 {The position is equal.} 96. Ke3 {Intending Qa7+ and mate.} Rb3+ 97. Ke4 Rbf3 98. Qc7+ Kb4 99. Qb8+ Ka5 100. Qa7+ Kb4 101. Qb6+ Ka3 102. Qd6+ Kb2 103. Qb4+ Ka2 {( -> ...R3f4+)} 104. Qd2+ Ka3 105. Qd6+ Kb2 106. Qb6+ Ka3 107. Qa6+ Kb4 108. Qd6+ Ka5 109. Qd2+ Kb6 110. Qd8+ Kc6 111. Qc8+ Kd6 {[%csl Gf3][%cal Rf5f4]} 112. Qxf5 Rxf5 113. Kxf5 Ke7 114. Kg5 Kxf7 {Accuracy: White = 52%, Black = 64%.} 1/2-1/2